Carnivorous Plants by Picture - Statistics

General Stats
  • This quiz has been taken 21 times
  • The average score is 4 of 12
Answer Stats
Picture Answer % Correct
Venus flytrap
100%
Pitcher plant
76%
Sundew
59%
Bladderwort
29%
Butterwort
24%
Cobra lily
18%
Dewy pine
12%
Rainbow plant
12%
Waterwheel plant
12%
Brocchinia
6%
Corkscrew plant
6%
Trigger plant
6%
No matching quizzes found
Score Distribution
Percent of People with Each Score
Percentile by Number Answered
Your Score History
You have not taken this quiz